| 000 | 00634nam a2200205Ia 4500 | ||
|---|---|---|---|
| 005 | 20251020182608.0 | ||
| 008 | 200515s9999 xx 000 0 und d | ||
| 082 | _aSC/621.3(85)M62 | ||
| 110 | _aMinisterio de Energía y Minas | ||
| 245 | 0 | _aCódigo Nacional de Electricidad : Suministro | |
| 260 | _aLima | ||
| 260 | _c2001 | ||
| 300 | _a278 | ||
| 520 | _aVersión 2001 del Ministerio de Energía y Minas idéntica, a la del diario El Peruano, registro 01125 de esta Base de Datos | ||
| 650 | _aCODIGO ELECTRICO | ||
| 650 | _aELECTRICIDAD | ||
| 650 | _aSEGURIDAD E HIGIENE | ||
| 650 | _aSUMINISTRO ELECTRICO | ||
| 942 | _cLIB | ||
| 999 |
_c3267 _d3267 |
||